[Event "DEN-chT 1617 South Jutland B Series"]
[Site "Denmark"]
[Date "2016.12.12"]
[Round "3"]
[White "Posselt, Karl"]
[Black "Jorgensen, Christian Frost"]
[Result "1/2-1/2"]
[WhiteElo "1517"]
[BlackElo "1540"]
[PlyCount "63"]
[EventDate "2016.11.08"]
[EventType "team-tourn"]
[EventRounds "6"]
[EventCountry "DEN"]
[SourceTitle "EXT 2025"]
[Source "ChessBase"]
[SourceDate "2024.10.14"]
[SourceVersion "1"]
[SourceVersionDate "2024.10.14"]
[SourceQuality "1"]
[WhiteTeam "Vojens II"]
[BlackTeam "Haderslev IV"]
[WhiteTeamCountry "DEN"]
[BlackTeamCountry "DEN"]

1. f4 d5 2. Nf3 Nf6 3. e3 Bg4 4. Be2 e6 5. b3 Be7 6. Bb2 0-0 7. d3 c5 8. Nbd2 Nc6 9. 0-0 Qc7 10. h3 Bxf3 11. Nxf3 Nd7 12. Qd2 Rac8 13. Rac1 f6 14. c4 dxc4 15. dxc4 e5 16. f5 e4 17. Qd5+ Kh8 18. Qxe4 Nde5 19. Rcd1 Rce8 20. Nxe5 Nxe5 21. Bxe5 fxe5 22. Rd5 Bf6 23. Rfd1 Rd8 24. Bf3 Rxd5 25. Rxd5 Qa5 26. Qb1 Qc3 27. Rd3 Qb4 28. Bd5 b5 29. cxb5 Qxb5 30. Bc4 Qb8 31. e4 Rd8 32. Qd1 1/2-1/2

[Event "Logumkloster-chC"]
[Site "Logumkloster"]
[Date "2016.04.12"]
[Round "1"]
[White "Moller, Martin"]
[Black "Jorgensen, Christian Frost"]
[Result "1-0"]
[WhiteElo "1184"]
[BlackElo "1187"]
[PlyCount "91"]
[EventDate "2016.04.12"]
[EventType "tourn"]
[EventRounds "5"]
[EventCountry "DEN"]
[SourceTitle "EXT 2023"]
[Source "ChessBase"]
[SourceDate "2022.10.05"]
[SourceVersion "1"]
[SourceVersionDate "2022.10.05"]
[SourceQuality "1"]

1. e4 e5 2. f4 d5 3. exd5 Qxd5 4. Nc3 Qe6 5. Be2 exf4 6. Nf3 Bc5 7. d4 Bd6 8. 0-0 Nf6 9. Bb5+ Kd8 10. Ng5 Qe7 11. Re1 Qf8 12. Nce4 Nxe4 13. Rxe4 Bd7 14. Bc4 Be8 15. Bxf4 h6 16. Bxd6 Qxd6 17. Nxf7+ Bxf7 18. Bxf7 Nd7 19. c3 c6 20. Re6 Qf4 21. Qf3 Qxf3 22. gxf3 Rf8 23. Rae1 Rc8 24. Re8+ Rxe8 25. Rxe8+ Kc7 26. Rxc8+ Kxc8 27. Be6 Kc7 28. Bxd7 Kxd7 29. Kf2 Ke6 30. Ke3 Kf5 31. h4 g5 32. hxg5 hxg5 33. c4 Ke6 34. Ke4 a5 35. a4 b6 36. b3 b5 37. axb5 cxb5 38. cxb5 Kd6 39. Kd3 Kd5 40. Ke3 Kd6 41. Ke4 Ke6 42. b6 Kd7 43. Ke5 Kc6 44. d5+ Kxb6 45. Ke6 Kc7 46. Ke7 1-0